[Event "Oberliga Ost A 2016 2017"]
[Site "Germany"]
[Date "2017.05.07"]
[Round "11.4"]
[White "Niering, Martin"]
[Black "Salzmann, Peter"]
[Result "1-0"]
[WhiteElo "2226"]
[BlackElo "2136"]
[PlyCount "51"]
[EventDate "2016.10.16"]
[EventType "team-tourn"]
[EventCountry "GER"]
[WhiteTeam "Magdeburg SV Rochade"]
[BlackTeam "Dresden USV TU II"]
[WhiteTeamCountry "GER"]
[BlackTeamCountry "GER"]

1. e4 g6 2. d4 Bg7 3. Nf3 d6 4. h3 c5 5. c3 cxd4 6. cxd4 Nc6 7. Nc3 Bd7 8. Be2
Rc8 9. O-O a6 10. Be3 Na5 11. Nd2 e6 12. Nb3 Nc4 13. Bxc4 Rxc4 14. Qd3 Rc8 15.
Bf4 Qb6 16. Qg3 Nf6 17. Bxd6 Rxc3 18. Qxc3 Nxe4 19. Bc7 Nxc3 20. Bxb6 Na4 21.
Bc7 Nxb2 22. Rab1 Nc4 23. Nc5 Bc6 24. Rfd1 Ke7 25. Nxb7 Na3 26. Bd6+ 1-0

[Event "Oberliga Ost A 2016 2017"]
[Site "Germany"]
[Date "2017.05.07"]
[Round "11.5"]
[White "Ledfuss, Guntram"]
[Black "Stolz, Mike"]
[Result "0-1"]
[WhiteElo "2064"]
[BlackElo "2319"]
[PlyCount "80"]
[EventDate "2016.10.16"]
[EventType "team-tourn"]
[EventCountry "GER"]
[WhiteTeam "Dresden USV TU II"]
[BlackTeam "Magdeburg SV Rochade"]
[WhiteTeamCountry "GER"]
[BlackTeamCountry "GER"]

1. d4 Nf6 2. c4 g6 3. Nc3 Bg7 4. e4 d6 5. f3 O-O 6. Be3 e5 7. d5 Nh5 8. Qd2 f5
9. O-O-O Nd7 10. Nge2 a6 11. Kb1 b5 12. Nc1 b4 13. Na4 fxe4 14. fxe4 Ndf6 15.
Bd3 Ng4 16. c5 Rb8 17. Rdf1 Rxf1 18. Bxf1 Qh4 19. Bd3 Ng3 20. Bf2 Nxe4 21. Bxh4
Nxd2+ 22. Kc2 e4 23. Kxd2 Bh6+ 24. Ke2 exd3+ 25. Nxd3 Bf5 26. Kf3 Ne3 27. Nf2
Bc2 28. b3 Rf8+ 29. Ke2 Re8 30. Kf3 Nf5 31. Bf6 Re3+ 32. Kg4 Kf7 33. Bd8 Re2
34. Rf1 Re8 35. Bg5 Bxg5 36. Kxg5 h6+ 37. Kf4 g5+ 38. Kf3 Nh4+ 39. Kg3 Re3+ 40.
Kg4 Kg6 0-1

[Event "Oberliga Ost A 2016 2017"]
[Site "Germany"]
[Date "2017.05.07"]
[Round "11.6"]
[White "Waechter, Nathalie"]
[Black "Clopes Llahi, Judit"]
[Result "1/2-1/2"]
[WhiteElo "1974"]
[BlackElo "2121"]
[PlyCount "65"]
[EventDate "2016.10.16"]
[EventType "team-tourn"]
[EventCountry "GER"]
[WhiteTeam "Magdeburg SV Rochade"]
[BlackTeam "Dresden USV TU II"]
[WhiteTeamCountry "GER"]
[BlackTeamCountry "GER"]

1. d4 Nf6 2. c4 e6 3. Nc3 Bb4 4. e3 O-O 5. a3 Bxc3+ 6. bxc3 d6 7. Bd3 e5 8. e4
Nbd7 9. Ne2 b6 10. O-O Bb7 11. Ng3 Re8 12. Qc2 Nf8 13. f4 N6d7 14. Qf2 f6 15.
fxe5 dxe5 16. Nf5 Ng6 17. Re1 Ndf8 18. d5 Ne7 19. Ng3 Nd7 20. Be3 Ba6 21. Be2
Ng6 22. c5 Bxe2 23. Nxe2 bxc5 24. Bxc5 Nxc5 25. Qxc5 Qd6 26. Qxd6 cxd6 27. Rab1
Rab8 28. Kf2 Rec8 29. Ke3 Nh4 30. Kf2 Ng6 31. Ke3 Nh4 32. Kf2 Ng6 33. Ke3
1/2-1/2

[Event "Oberliga Ost A 2016 2017"]
[Site "Germany"]
[Date "2017.05.07"]
[Round "11.7"]
[White "Ader, Gunter"]
[Black "Horvath, Julia"]
[Result "1/2-1/2"]
[WhiteElo "2023"]
[BlackElo "2161"]
[PlyCount "55"]
[EventDate "2016.10.16"]
[EventType "team-tourn"]
[EventCountry "GER"]
[WhiteTeam "Dresden USV TU II"]
[BlackTeam "Magdeburg SV Rochade"]
[WhiteTeamCountry "GER"]
[BlackTeamCountry "GER"]

1. e4 c6 2. d4 d5 3. e5 Bf5 4. g4 Bd7 5. h3 e6 6. Nf3 c5 7. c3 Nc6 8. Bg2 f6 9.
O-O fxe5 10. dxe5 Qc7 11. Re1 O-O-O 12. Bf4 h6 13. a3 Nge7 14. b4 g5 15. Bg3
Ng6 16. Nbd2 Be7 17. c4 Nf4 18. cxd5 exd5 19. bxc5 Bxc5 20. Nb3 Be7 21. Nbd4
Qa5 22. Nxc6 Bxc6 23. Nd4 Nxg2 24. Kxg2 Kb8 25. Kh2 Ka8 26. Qd3 h5 27. Kg2 Rc8
28. f3 1/2-1/2

[Event "Oberliga Ost A 2016 2017"]
[Site "Germany"]
[Date "2017.05.07"]
[Round "11.8"]
[White "Kahe, Ralph"]
[Black "Oehl, Tim"]
[Result "0-1"]
[WhiteElo "2147"]
[BlackElo "2126"]
[PlyCount "110"]
[EventDate "2016.10.16"]
[EventType "team-tourn"]
[EventCountry "GER"]
[WhiteTeam "Magdeburg SV Rochade"]
[BlackTeam "Dresden USV TU II"]
[WhiteTeamCountry "GER"]
[BlackTeamCountry "GER"]

1. d4 Nf6 2. c4 g6 3. Nc3 Bg7 4. e4 d6 5. f3 c6 6. Be3 a6 7. Bd3 b5 8. e5 Ng8
9. f4 Nh6 10. Nf3 Bf5 11. Be2 Qc7 12. h3 b4 13. Na4 Nd7 14. O-O Nb6 15. Nxb6
Qxb6 16. c5 dxc5 17. dxc5 Qb7 18. Bc4 Qc8 19. Qb3 a5 20. Ng5 O-O 21. Rad1 Qb8
22. Rd2 a4 23. Qd1 Kh8 24. g4 f6 25. Nf3 Be4 26. exf6 exf6 27. Qe2 Ra7 28. Rfd1
Re7 29. Qf2 Rfe8 30. Nd4 Qc8 31. Qh4 Bf3 32. Nxf3 Rxe3 33. Kg2 R3e4 34. Rd4
Rxd4 35. Rxd4 Qc7 36. Rd6 Re4 37. b3 axb3 38. axb3 Nf7 39. Bxf7 Qxf7 40. Rxc6
Qb7 41. Rb6 Re2+ 42. Kg3 Qc7 43. g5 f5 44. Rxb4 Qxc5 45. Rb8+ Bf8 46. Nd4 Re3+
47. Kg2 Kg8 48. Qh6 Qd6 49. Rc8 Re4 50. Nf3 Rxf4 51. Kf2 Re4 52. Ra8 Qc5+ 53.
Kf1 Qc1+ 54. Kf2 Qc2+ 55. Kg3 f4+ 0-1

[Event "Oberliga Ost A 2016 2017"]
[Site "Germany"]
[Date "2017.05.07"]
[Round "11.1"]
[White "Langrock, Hannes"]
[Black "Fodor, Tamas Jr"]
[Result "1-0"]
[WhiteElo "2405"]
[BlackElo "2511"]
[PlyCount "49"]
[EventDate "2016.10.16"]
[EventType "team-tourn"]
[EventCountry "GER"]
[WhiteTeam "Leipzig SG"]
[BlackTeam "Halle USV"]
[WhiteTeamCountry "GER"]
[BlackTeamCountry "GER"]

1. d4 Nf6 2. Bg5 d5 3. e3 c5 4. Bxf6 gxf6 5. dxc5 Nc6 6. Bb5 e6 7. c4 dxc4 8.
Nd2 Bxc5 9. Ngf3 c3 10. bxc3 Bd7 11. O-O Qc7 12. Nd4 Be7 13. Rb1 a6 14. Qa4 O-O
15. Nxc6 bxc6 16. Bxa6 e5 17. Qc4 Qa5 18. Rb7 Be6 19. Qh4 Bd8 20. Bc4 Bxc4 21.
Nxc4 Qxa2 22. Qg4+ Kh8 23. Nd6 Ra7 24. Rd1 Rxb7 25. Nf5 1-0

[Event "Oberliga Ost A 2016 2017"]
[Site "Germany"]
[Date "2017.05.07"]
[Round "11.3"]
[White "Schubert, Thomas"]
[Black "Puls, Thomas"]
[Result "1/2-1/2"]
[WhiteElo "2362"]
[BlackElo "2208"]
[PlyCount "60"]
[EventDate "2016.10.16"]
[EventType "team-tourn"]
[EventCountry "GER"]
[WhiteTeam "Leipzig SG"]
[BlackTeam "Halle USV"]
[WhiteTeamCountry "GER"]
[BlackTeamCountry "GER"]

1. d4 f5 2. g3 Nf6 3. Bg2 g6 4. c4 Bg7 5. Nc3 d6 6. d5 O-O 7. Nh3 c6 8. Nf4 e5
9. dxe6 Qe7 10. h4 Bxe6 11. h5 Bf7 12. hxg6 hxg6 13. Qc2 Nbd7 14. b3 Nc5 15.
Bb2 Ng4 16. Kf1 Ne6 17. Nd1 Nxf4 18. gxf4 Bxb2 19. Qxb2 Qf6 20. Qxf6 Nxf6 21.
Nc3 Rad8 22. Rd1 Rd7 23. Rh3 Rfd8 24. Rhd3 Nh5 25. e3 Be6 26. Bf3 Nf6 27. Ke2
Kf7 28. Rd4 Ke7 29. Rh1 Kf7 30. Rhd1 Ke7 1/2-1/2

[Event "Oberliga Ost A 2016 2017"]
[Site "Germany"]
[Date "2017.05.07"]
[Round "11.4"]
[White "Hartge, Gedeon"]
[Black "Boehnisch, Manfred"]
[Result "1/2-1/2"]
[WhiteElo "2089"]
[BlackElo "2302"]
[PlyCount "54"]
[EventDate "2016.10.16"]
[EventType "team-tourn"]
[EventCountry "GER"]
[WhiteTeam "Halle USV"]
[BlackTeam "Leipzig SG"]
[WhiteTeamCountry "GER"]
[BlackTeamCountry "GER"]

1. d4 d5 2. c4 c6 3. Nc3 Nf6 4. e3 g6 5. Bd3 Bg7 6. Nge2 Bf5 7. O-O O-O 8. b3
Nbd7 9. Ba3 Re8 10. Bxf5 gxf5 11. cxd5 cxd5 12. Qd3 e6 13. Rac1 Qa5 14. Bb2 a6
15. Rc2 Rec8 16. Rfc1 Rc6 17. Na4 Rac8 18. Rxc6 Rxc6 19. Bc3 Qc7 20. Bb2 Rxc1+
21. Nxc1 b5 22. Qc3 Qd6 23. Qc8+ Qf8 24. Qxf8+ Bxf8 25. Nc3 Ne4 26. Nd3 Bd6 27.
f3 Nxc3 1/2-1/2

[Event "Oberliga Ost A 2016 2017"]
[Site "Germany"]
[Date "2017.05.07"]
[Round "11.5"]
[White "Rausch, Stephan"]
[Black "Reipsch, Jens"]
[Result "0-1"]
[WhiteElo "2277"]
[BlackElo "2222"]
[PlyCount "110"]
[EventDate "2016.10.16"]
[EventType "team-tourn"]
[EventCountry "GER"]
[WhiteTeam "Leipzig SG"]
[BlackTeam "Halle USV"]
[WhiteTeamCountry "GER"]
[BlackTeamCountry "GER"]

1. d4 Nf6 2. Nf3 c6 3. c3 g6 4. Bg5 Bg7 5. Nbd2 d5 6. Bxf6 exf6 7. e3 O-O 8. c4
dxc4 9. Bxc4 Nd7 10. O-O f5 11. a4 Nb6 12. a5 Nxc4 13. Nxc4 Be6 14. Qc2 Bd5 15.
Nce5 Rc8 16. b4 Re8 17. Rfc1 Bf8 18. Qb2 f4 19. Re1 fxe3 20. fxe3 f6 21. Nd3
Bh6 22. Nf4 Bxf3 23. gxf3 Bxf4 24. exf4 Qd5 25. Rxe8+ Rxe8 26. Qa2 Re1+ 27. Kf2
Qxa2+ 28. Rxa2 Rb1 29. a6 Rxb4 30. axb7 Rxb7 31. Rc2 Rc7 32. d5 Kf7 33. f5 gxf5
34. dxc6 Ke6 35. Ke3 Kd6 36. Kf4 Rxc6 37. Ra2 a6 38. Kxf5 Ke7 39. Rb2 Rc5+ 40.
Ke4 Kf7 41. f4 Kg6 42. Rg2+ Kh6 43. Rg8 a5 44. Rf8 Kg6 45. Rg8+ Kh5 46. Ra8 Kg4
47. Rg8+ Kh4 48. Rg7 h5 49. f5 Re5+ 50. Kf4 Rb5 51. Ke4 a4 52. Rg3 Rb3 53. Rg6
Rb4+ 54. Kd5 a3 55. Rg2 Ra4 0-1

[Event "Oberliga Ost A 2016 2017"]
[Site "Germany"]
[Date "2017.05.07"]
[Round "11.6"]
[White "Altstadt, Karl Simon"]
[Black "Kreyssig, Bruno"]
[Result "1/2-1/2"]
[WhiteElo "2002"]
[BlackElo "2131"]
[PlyCount "25"]
[EventDate "2016.10.16"]
[EventType "team-tourn"]
[EventCountry "GER"]
[WhiteTeam "Halle USV"]
[BlackTeam "Leipzig SG"]
[WhiteTeamCountry "GER"]
[BlackTeamCountry "GER"]

1. e4 c5 2. Nf3 d6 3. d4 cxd4 4. Qxd4 Nc6 5. Bb5 Bd7 6. Bxc6 bxc6 7. O-O e5 8.
Qd3 h6 9. c4 Nf6 10. Nc3 Qc7 11. b3 Be7 12. Rd1 O-O 13. Ba3 1/2-1/2

[Event "Oberliga Ost A 2016 2017"]
[Site "Germany"]
[Date "2017.05.07"]
[Round "11.7"]
[White "Liedtke, Matthias"]
[Black "Hartwig, Maik"]
[Result "1-0"]
[WhiteElo "2261"]
[BlackElo "2088"]
[PlyCount "41"]
[EventDate "2016.10.16"]
[EventType "team-tourn"]
[EventCountry "GER"]
[WhiteTeam "Leipzig SG"]
[BlackTeam "Halle USV"]
[WhiteTeamCountry "GER"]
[BlackTeamCountry "GER"]

1. e4 g6 2. d4 Bg7 3. Nc3 d6 4. f4 Nf6 5. Nf3 O-O 6. Bd3 Bg4 7. h3 Bxf3 8. Qxf3
Nc6 9. Be3 e5 10. dxe5 dxe5 11. f5 Nd4 12. Qf2 b5 13. g4 b4 14. Ne2 Nxe2 15.
Qxe2 Nd7 16. O-O g5 17. Bb5 Qe7 18. Bxd7 Qxd7 19. f6 Bh8 20. Rf5 Rfd8 21. Rxg5+
1-0

[Event "Oberliga Ost A 2016 2017"]
[Site "Germany"]
[Date "2017.05.07"]
[Round "11.8"]
[White "Hentzgen, Thomas"]
[Black "Gempe, Thomas"]
[Result "0-1"]
[WhiteElo "2061"]
[BlackElo "2206"]
[PlyCount "80"]
[EventDate "2016.10.16"]
[EventType "team-tourn"]
[EventCountry "GER"]
[WhiteTeam "Halle USV"]
[BlackTeam "Leipzig SG"]
[WhiteTeamCountry "GER"]
[BlackTeamCountry "GER"]

1. c4 g6 2. Nc3 c5 3. g3 Nc6 4. Bg2 Bg7 5. e4 d6 6. d3 e6 7. Be3 Nge7 8. h4 h6
9. Qd2 Rb8 10. Rb1 a6 11. a3 Qa5 12. Nf3 Nd4 13. Nh2 Nec6 14. O-O Nb3 15. Qd1
Ncd4 16. Ne2 O-O 17. Nxd4 Nxd4 18. Bd2 Qd8 19. f4 b5 20. b4 Qc7 21. cxb5 axb5
22. Nf3 Qa7 23. Be3 Qxa3 24. Nxd4 Bxd4 25. Bxd4 cxd4 26. Qd2 Bd7 27. Ra1 Qc3
28. Qxc3 dxc3 29. Rfc1 Rfc8 30. Ra6 Ra8 31. Rxd6 Be8 32. Kf1 Ra2 33. e5 Rb2 34.
Rd4 Bc6 35. Be4 Bd5 36. Ke1 Rh2 37. Bxd5 exd5 38. Kd1 Ra8 39. Rxd5 Raa2 40.
Rxc3 Rh1# 0-1

[Event "Oberliga Ost A 2016 2017"]
[Site "Germany"]
[Date "2017.05.07"]
[Round "11.1"]
[White "Lechtynsky, Jiri"]
[Black "Degtiarev, Evgeny"]
[Result "0-1"]
[WhiteElo "2354"]
[BlackElo "2414"]
[PlyCount "122"]
[EventDate "2016.10.16"]
[EventType "team-tourn"]
[EventCountry "GER"]
[WhiteTeam "Hoyerswerda FVS ASP"]
[BlackTeam "Magdeburg SG Aufbau Elbe"]
[WhiteTeamCountry "GER"]
[BlackTeamCountry "GER"]

1. d4 Nf6 2. Nf3 b6 3. g3 Bb7 4. Bg2 g6 5. c4 Bg7 6. O-O O-O 7. Nc3 Ne4 8. Nxe4
Bxe4 9. Ne1 Bxg2 10. Nxg2 d5 11. cxd5 Qxd5 12. Be3 Nc6 13. Nf4 Qe4 14. d5 Nb4
15. Qa4 b5 16. Qxb5 Nc2 17. Rac1 Nxe3 18. fxe3 Qxe3+ 19. Kh1 Qe4+ 20. Rf3 Qe5
21. b3 g5 22. Ng2 e6 23. Ne3 h5 24. Qd3 Rad8 25. h3 g4 26. hxg4 hxg4 27. Rf4 f5
28. Kg2 Bh6 29. Nxg4 fxg4 30. Qg6+ Bg7 31. Rxf8+ Rxf8 32. Qxe6+ Qxe6 33. dxe6
Rc8 34. Rc4 Bf6 35. Rxg4+ Kf8 36. Ra4 Ra8 37. Kf3 Ke7 38. Ke4 Kxe6 39. Ra6+ Kf7
40. Kf5 Bd4 41. Rc6 Bb6 42. e4 Ke7 43. e5 Rf8+ 44. Rf6 Bd4 45. Rxf8 Kxf8 46.
Kf6 Bf2 47. g4 Ke8 48. g5 Bh4 49. Kf5 Ke7 50. Kg4 Be1 51. Kf5 Bd2 52. g6 Bh6
53. Ke4 Ke6 54. Kd4 Bf8 55. Kc4 a6 56. b4 Kxe5 57. b5 a5 58. b6 cxb6 59. Kb5
Kf6 60. Kxb6 Bb4 61. a3 Be1 0-1

[Event "Oberliga Ost A 2016 2017"]
[Site "Germany"]
[Date "2017.05.07"]
[Round "11.2"]
[White "Woellermann, Jan"]
[Black "Orsag, Milan"]
[Result "1-0"]
[WhiteElo "2379"]
[BlackElo "2332"]
[PlyCount "81"]
[EventDate "2016.10.16"]
[EventType "team-tourn"]
[EventCountry "GER"]
[WhiteTeam "Magdeburg SG Aufbau Elbe"]
[BlackTeam "Hoyerswerda FVS ASP"]
[WhiteTeamCountry "GER"]
[BlackTeamCountry "GER"]

1. d4 Nf6 2. c4 e6 3. Nf3 Bb4+ 4. Nbd2 d5 5. Qa4+ Nc6 6. a3 Be7 7. e3 O-O 8. b4
dxc4 9. Nxc4 Nb8 10. Qc2 b6 11. Bd3 Bb7 12. e4 h6 13. Nce5 c5 14. bxc5 bxc5 15.
Rb1 Ba6 16. O-O Bxd3 17. Qxd3 cxd4 18. Nxd4 Bc5 19. Rd1 Qe7 20. Be3 Rc8 21.
Rdc1 Qe8 22. Nb5 Bxe3 23. Qxe3 Rxc1+ 24. Qxc1 Na6 25. Nd6 Qa4 26. Qe3 Rf8 27.
h3 Nc7 28. Nexf7 Qa6 29. e5 Nfd5 30. Qf3 Qa4 31. Rb7 a6 32. g3 Qd7 33. Qh5 Kh7
34. h4 Qc6 35. Ng5+ Kg8 36. Ngf7 Kh7 37. Rb3 Qd7 38. Rf3 Qe7 39. Ne4 Kg8 40.
Neg5 Qd7 41. Qg6 1-0

[Event "Oberliga Ost A 2016 2017"]
[Site "Germany"]
[Date "2017.05.07"]
[Round "11.3"]
[White "Jahnel, Guenther"]
[Black "Paul, Johannes"]
[Result "0-1"]
[WhiteElo "2270"]
[BlackElo "2297"]
[PlyCount "80"]
[EventDate "2016.10.16"]
[EventType "team-tourn"]
[EventCountry "GER"]
[WhiteTeam "Hoyerswerda FVS ASP"]
[BlackTeam "Magdeburg SG Aufbau Elbe"]
[WhiteTeamCountry "GER"]
[BlackTeamCountry "GER"]

1. d4 Nf6 2. c4 e6 3. Nf3 b6 4. Nc3 Bb4 5. Qc2 Bb7 6. e3 c5 7. a3 Bxc3+ 8. Qxc3
O-O 9. Be2 d6 10. O-O Ne4 11. Qc2 Nd7 12. Bd3 f5 13. Nd2 Qh4 14. g3 Nxd2 15.
Bxd2 Qg4 16. f4 Nf6 17. Be1 Qh3 18. Rf2 Rae8 19. Bf1 Qh5 20. Be2 Qh6 21. dxc5
bxc5 22. h3 Re7 23. Rh2 g5 24. Rd1 Rg7 25. Kf1 Ne4 26. Rd3 e5 27. fxe5 f4 28.
exf4 gxf4 29. g4 dxe5 30. Kg1 Ng5 31. Rb3 Be4 32. Qd1 f3 33. Bf1 Qf6 34. Bf2
Qf4 35. Re3 h5 36. Qe1 hxg4 37. hxg4 Qxg4+ 38. Kh1 Rh7 39. Rxh7 Kxh7 40. Rxe4
Nxe4 0-1

[Event "Oberliga Ost A 2016 2017"]
[Site "Germany"]
[Date "2017.05.07"]
[Round "11.4"]
[White "Melamed, Tatjana"]
[Black "Kesik, Klaus Dieter"]
[Result "1/2-1/2"]
[WhiteElo "2318"]
[BlackElo "2220"]
[PlyCount "153"]
[EventDate "2016.10.16"]
[EventType "team-tourn"]
[EventCountry "GER"]
[WhiteTeam "Magdeburg SG Aufbau Elbe"]
[BlackTeam "Hoyerswerda FVS ASP"]
[WhiteTeamCountry "GER"]
[BlackTeamCountry "GER"]

1. e4 e6 2. d4 d5 3. Nd2 a6 4. Ngf3 Nf6 5. Bd3 c5 6. e5 Nfd7 7. c3 Nc6 8. O-O
g5 9. dxc5 g4 10. Nd4 Ndxe5 11. Bc2 Bxc5 12. f4 Nxd4 13. cxd4 Bxd4+ 14. Kh1 Nc6
15. Nb3 Bf6 16. Qxg4 Bd7 17. Nc5 Qe7 18. Nxd7 Qxd7 19. Rb1 O-O-O 20. b4 Kb8 21.
a4 Nd4 22. Bb2 Qe7 23. Bxd4 Bxd4 24. a5 Bc3 25. b5 Bxa5 26. bxa6 b6 27. Bd3 Rc8
28. Qe2 Rc7 29. Rb5 Rhc8 30. Qe3 Qd6 31. h3 h6 32. Ra1 Ka8 33. Rab1 Rc5 34.
R5b2 Ka7 35. Kh2 R8c7 36. Rb3 f6 37. Qg3 e5 38. fxe5 Qxe5 39. Rf1 Rc3 40. Rxc3
Bxc3 41. Rf5 Rg7 42. Qxe5 fxe5 43. Bb5 Re7 44. Kg3 d4 45. Rf8 e4 46. Rd8 Rf7
47. Re8 d3 48. Bc6 Kxa6 49. Ra8+ Ra7 50. Rxa7+ Kxa7 51. Bxe4 d2 52. Bc2 Ka6 53.
Kf3 Kb5 54. Ke2 Kc4 55. g4 Bb4 56. h4 Kc3 57. Ba4 Be7 58. g5 Bxg5 59. h5 Kc4
60. Bd7 b5 61. Kd1 b4 62. Be8 Kd4 63. Bf7 Ke3 64. Be6 Kf2 65. Bd5 Kg3 66. Ke2
Kg4 67. Bf7 Kh4 68. Kd1 b3 69. Bxb3 Kxh5 70. Ke2 Kh4 71. Kf2 Kh3 72. Kg1 Be3+
73. Kh1 Kg3 74. Bd1 Kf2 75. Bh5 d1=N 76. Bxd1 h5 77. Bxh5 1/2-1/2

[Event "Oberliga Ost A 2016 2017"]
[Site "Germany"]
[Date "2017.05.07"]
[Round "11.5"]
[White "Graf, Roland"]
[Black "Schoene, Maria"]
[Result "1-0"]
[WhiteElo "2140"]
[BlackElo "2273"]
[PlyCount "127"]
[EventDate "2016.10.16"]
[EventType "team-tourn"]
[EventCountry "GER"]
[WhiteTeam "Hoyerswerda FVS ASP"]
[BlackTeam "Magdeburg SG Aufbau Elbe"]
[WhiteTeamCountry "GER"]
[BlackTeamCountry "GER"]

1. e4 c5 2. Nf3 d6 3. Bb5+ Bd7 4. Bxd7+ Qxd7 5. c4 e5 6. Nc3 g6 7. d3 Bg7 8.
Bg5 f6 9. Be3 Nc6 10. O-O Nh6 11. Nd5 Nf7 12. Ne1 O-O 13. a3 f5 14. f3 f4 15.
Bf2 h5 16. b4 g5 17. bxc5 g4 18. Rb1 Kh8 19. cxd6 Nxd6 20. fxg4 hxg4 21. Bc5 g3
22. Qh5+ Kg8 23. Qg6 gxh2+ 24. Kxh2 Rad8 25. Nf3 Qf7 26. Qxf7+ Rxf7 27. Ng5
Rfd7 28. Ne6 Rb8 29. g3 b6 30. Bf2 Re8 31. Nxg7 fxg3+ 32. Bxg3 Kxg7 33. Bh4 Rh8
34. Kg3 Ne8 35. Rf5 Rd6 36. Rbf1 Rg6+ 37. Rg5 Nd4 38. Rf2 Rhh6 39. Ne7 Rxg5+
40. Bxg5 Rh1 41. Nf5+ Kg6 42. Nxd4 exd4 43. Be7 Rd1 44. Rf3 Rd2 45. c5 b5 46.
Bd6 a5 47. Be5 b4 48. axb4 axb4 49. Bxd4 b3 50. Kf4 b2 51. Rf1 Rxd3 52. Bxb2
Kf7 53. Rf3 Rd1 54. Ke5+ Ke7 55. c6 Rd2 56. Ba3+ Kd8 57. Rf8 Rc2 58. Kd5 Rc3
59. Bc5 Kc7 60. Bd4 Rc1 61. Be5+ Kd8 62. Bf6+ Kc7 63. Rxe8 Rc5+ 64. Kd4 1-0

[Event "Oberliga Ost A 2016 2017"]
[Site "Germany"]
[Date "2017.05.07"]
[Round "11.6"]
[White "Andre, Gordon"]
[Black "Boehm, Robert"]
[Result "1/2-1/2"]
[WhiteElo "2235"]
[BlackElo "2133"]
[PlyCount "78"]
[EventDate "2016.10.16"]
[EventType "team-tourn"]
[EventCountry "GER"]
[WhiteTeam "Magdeburg SG Aufbau Elbe"]
[BlackTeam "Hoyerswerda FVS ASP"]
[WhiteTeamCountry "GER"]
[BlackTeamCountry "GER"]

1. d4 d5 2. c4 c6 3. Nc3 Nf6 4. Nf3 e6 5. Bg5 Nbd7 6. e3 Qa5 7. Nd2 Bb4 8. Qc2
O-O 9. Be2 e5 10. Bxf6 Nxf6 11. dxe5 Ne4 12. Ndxe4 dxe4 13. O-O Bxc3 14. Qxc3
Qxc3 15. bxc3 Re8 16. Rfd1 Kf8 17. g4 Rxe5 18. Rd8+ Re8 19. Rad1 c5 20. Rxe8+
Kxe8 21. Rd5 b6 22. Rh5 h6 23. f4 Bb7 24. g5 hxg5 25. fxg5 Rd8 26. Rh8+ Ke7 27.
Rxd8 Kxd8 28. Kf2 Bc6 29. Kg3 Ba4 30. a3 Bc2 31. Kf4 Ke7 32. h4 g6 33. Ke5 Bd3
34. Bd1 Bxc4 35. Kxe4 Kd6 36. h5 gxh5 37. Bxh5 b5 38. Kf5 Ke7 39. Ke5 a5
1/2-1/2

[Event "Oberliga Ost A 2016 2017"]
[Site "Germany"]
[Date "2017.05.07"]
[Round "11.7"]
[White "Schuh, Ruediger"]
[Black "Sieber, Fiona"]
[Result "0-1"]
[WhiteElo "2026"]
[BlackElo "2236"]
[PlyCount "70"]
[EventDate "2016.10.16"]
[EventType "team-tourn"]
[EventCountry "GER"]
[WhiteTeam "Hoyerswerda FVS ASP"]
[BlackTeam "Magdeburg SG Aufbau Elbe"]
[WhiteTeamCountry "GER"]
[BlackTeamCountry "GER"]

1. d4 Nf6 2. c4 e6 3. Nc3 Bb4 4. Bd2 O-O 5. Nf3 d5 6. e3 b6 7. cxd5 exd5 8. Qa4
Bd6 9. b4 c6 10. Bd3 Bb7 11. Rb1 Nbd7 12. O-O Re8 13. Qc2 Qe7 14. Ne2 Ne4 15.
Be1 Ndf6 16. a4 Rac8 17. Qb2 Rc7 18. g3 c5 19. bxc5 bxc5 20. dxc5 Nxc5 21. Bc2
Ba6 22. Bd1 Qe4 23. Nc3 Qf5 24. Nb5 Rd7 25. Nxd6 Rxd6 26. Nd4 Qh3 27. Nb5 Nd3
28. Qa3 Ne5 29. f3 Nc4 30. Qb4 Nxe3 31. Rf2 Rde6 32. Bb3 Bxb5 33. axb5 Nfg4 34.
fxg4 Rf6 35. Qd2 Qf1+ 0-1

[Event "Oberliga Ost A 2016 2017"]
[Site "Germany"]
[Date "2017.05.07"]
[Round "11.8"]
[White "Biastoch, Bennet"]
[Black "Grohmann, Alexander"]
[Result "1/2-1/2"]
[WhiteElo "2105"]
[BlackElo "1801"]
[PlyCount "43"]
[EventDate "2016.10.16"]
[EventType "team-tourn"]
[EventCountry "GER"]
[WhiteTeam "Magdeburg SG Aufbau Elbe"]
[BlackTeam "Hoyerswerda FVS ASP"]
[WhiteTeamCountry "GER"]
[BlackTeamCountry "GER"]

1. e4 c5 2. Nf3 d6 3. d4 cxd4 4. Nxd4 Nf6 5. Nc3 a6 6. Be3 e5 7. Nb3 Be7 8. f3
Be6 9. Qd2 O-O 10. O-O-O a5 11. Bb5 Na6 12. Kb1 Nc7 13. Bb6 Qb8 14. a4 Rc8 15.
Qf2 Na6 16. g4 Rxc3 17. bxc3 Nd7 18. h4 Qc8 19. Kb2 Nc7 20. c4 Nxb5 21. cxb5
Qc4 22. Rd3 1/2-1/2

[Event "Oberliga Ost A 2016 2017"]
[Site "Germany"]
[Date "2017.05.07"]
[Round "11.1"]
[White "Weitzer, Steffen"]
[Black "Reizniece Ozola, Dana"]
[Result "1/2-1/2"]
[WhiteElo "2224"]
[BlackElo "2253"]
[PlyCount "82"]
[EventDate "2016.10.16"]
[EventType "team-tourn"]
[EventCountry "GER"]
[WhiteTeam "Leipzig SG II"]
[BlackTeam "Loeberitz SG"]
[WhiteTeamCountry "GER"]
[BlackTeamCountry "GER"]

1. d4 Nf6 2. Nf3 g6 3. Bf4 Bg7 4. e3 O-O 5. c3 d6 6. h3 Nfd7 7. Bc4 Nc6 8. a4
e5 9. Bg5 Qe8 10. O-O Kh8 11. Re1 e4 12. Nfd2 f5 13. f4 exf3 14. Qxf3 h6 15.
Bh4 g5 16. Bf2 Nf6 17. Bd3 d5 18. Bg3 Qe7 19. Bc2 Ne4 20. Nxe4 dxe4 21. Qf2 Be6
22. Nd2 Rad8 23. Kh1 Qd7 24. Bh2 Ne7 25. Qe2 Ng6 26. Rf1 c5 27. Nb3 Bxb3 28.
Bxb3 cxd4 29. cxd4 Qe7 30. Rae1 a6 31. Bc2 Qe6 32. g4 Nh4 33. gxf5 Rxf5 34. Qg4
Re8 35. Rxf5 Nxf5 36. Re2 Kh7 37. Bg1 Kg6 38. Bf2 h5 39. Qg2 Bf8 40. Re1 Bh6
41. Rg1 Qc6 1/2-1/2

[Event "Oberliga Ost A 2016 2017"]
[Site "Germany"]
[Date "2017.05.07"]
[Round "11.2"]
[White "Schuetze, Norman"]
[Black "Braun, Gottfried"]
[Result "1-0"]
[WhiteElo "2322"]
[BlackElo "2240"]
[PlyCount "49"]
[EventDate "2016.10.16"]
[EventType "team-tourn"]
[EventCountry "GER"]
[WhiteTeam "Loeberitz SG"]
[BlackTeam "Leipzig SG II"]
[WhiteTeamCountry "GER"]
[BlackTeamCountry "GER"]

1. e4 d6 2. d4 Nf6 3. Nc3 e5 4. Nf3 exd4 5. Qxd4 Nc6 6. Bb5 Bd7 7. Bxc6 Bxc6 8.
Bf4 Be7 9. O-O-O O-O 10. Rhe1 Nd7 11. Qe3 Bf6 12. Nd4 Re8 13. g4 Nc5 14. g5
Bxd4 15. Qxd4 Ne6 16. Qd2 Nxf4 17. Qxf4 Qe7 18. Qg3 Qe6 19. h4 Qc4 20. b3 Qb4
21. Kb2 a5 22. Qe3 b6 23. Nd5 Bxd5 24. Rxd5 c5 25. a4 1-0

[Event "Oberliga Ost A 2016 2017"]
[Site "Germany"]
[Date "2017.05.07"]
[Round "11.3"]
[White "Schoeneberg, Manfred"]
[Black "Schindler, Christian"]
[Result "1/2-1/2"]
[WhiteElo "2245"]
[BlackElo "2251"]
[PlyCount "29"]
[EventDate "2016.10.16"]
[EventType "team-tourn"]
[EventCountry "GER"]
[WhiteTeam "Leipzig SG II"]
[BlackTeam "Loeberitz SG"]
[WhiteTeamCountry "GER"]
[BlackTeamCountry "GER"]

1. e4 e6 2. d4 d5 3. Nc3 Nf6 4. Bg5 Be7 5. exd5 exd5 6. Bd3 Bg4 7. f3 Bh5 8.
Nge2 Bg6 9. O-O c6 10. Qd2 Nbd7 11. Rae1 O-O 12. Nf4 Bxd3 13. Nxd3 Re8 14. Ne5
Nxe5 15. Rxe5 1/2-1/2